000 03907cam a2201009 i 4500
020 _a0070334609 :
082 0 _a519.5
_bSPI
100 1 _aSpiegel, Murray R.
_951
245 1 0 _aSchaum's outline of theory and problems of statistics in SI units
_cMurray R Spiegel; R W Boxer
250 _a1st ed.
260 _aIndia :
_bMcGraw-Hill,
_cc1976.
300 _avii,359 p. :
_bgraphs ;
_c28 cm.
490 1 _aSchaum's outline series
490 1 _aSchaum's outline series in business
500 _aIncludes index.
526 _a0
_b0
_c0
_d519_500000000000000_SPI
526 _a0
_b0
_c0
_d519_500000000000000_SPI
526 _a0
_b0
_c0
_d519_500000000000000_SPI
526 _a0
_b0
_c0
_d519_500000000000000_SPI
526 _a0
_b0
_c0
_d519_500000000000000_SPI
526 _a0
_b0
_c0
_d519_500000000000000_SPI
526 _a0
_b0
_c0
_d519_500000000000000_SPI
526 _a0
_b0
_c0
_d519_500000000000000_SPI
526 _a0
_b0
_c0
_d519_500000000000000_SPI
526 _a0
_b0
_c0
_d519_500000000000000_SPI
526 _a0
_b0
_c0
_d519_500000000000000_SPI
526 _a0
_b0
_c0
_d519_500000000000000_SPI
526 _a0
_b0
_c0
_d519_500000000000000_SPI
526 _a0
_b0
_c0
_d519_500000000000000_SPI
526 _a0
_b0
_c0
_d519_500000000000000_SPI
526 _a0
_b0
_c0
_d519_500000000000000_SPI
526 _a0
_b0
_c0
_d519_500000000000000_SPI
526 _a0
_b0
_c0
_d519_500000000000000_SPI
526 _a0
_b0
_c0
_d519_500000000000000_SPI
526 _a0
_b0
_c0
_d519_500000000000000_SPI
526 _a0
_b0
_c0
_d519_500000000000000_SPI
526 _a0
_b0
_c0
_d519_500000000000000_SPI
526 _a0
_b0
_c0
_d519_500000000000000_SPI
526 _a0
_b0
_c0
_d519_500000000000000_SPI
526 _a0
_b0
_c0
_d519_500000000000000_SPI
526 _a0
_b0
_c0
_d519_500000000000000_SPI
526 _a0
_b0
_c0
_d519_500000000000000_SPI
526 _a0
_b0
_c0
_d519_500000000000000_SPI
526 _a0
_b0
_c0
_d519_500000000000000_SPI
526 _a0
_b0
_c0
_d519_500000000000000_SPI
526 _a0
_b0
_c0
_d519_500000000000000_SPI
526 _a0
_b0
_c0
_d519_500000000000000_SPI
526 _a0
_b0
_c0
_d519_500000000000000_SPI
526 _a0
_b0
_c0
_d519_500000000000000_SPI
526 _a0
_b0
_c0
_d519_500000000000000_SPI
526 _a0
_b0
_c0
_d519_500000000000000_SPI
526 _a0
_b0
_c0
_d519_500000000000000_SPI
526 _a0
_b0
_c0
_d519_500000000000000_SPI
526 _a0
_b0
_c0
_d519_500000000000000_SPI
526 _a0
_b0
_c0
_d519_500000000000000_SPI
526 _a0
_b0
_c0
_d519_500000000000000_SPI
526 _a0
_b0
_c0
_d519_500000000000000_SPI
526 _a0
_b0
_c0
_d519_500000000000000_SPI
526 _a0
_b0
_c0
_d519_500000000000000_SPI
526 _a0
_b0
_c0
_d519_500000000000000_SPI
526 _a0
_b0
_c0
_d519_500000000000000_SPI
526 _a0
_b0
_c0
_d519_500000000000000_SPI
526 _a0
_b0
_c0
_d519_500000000000000_SPI
526 _a0
_b0
_c0
_d519_500000000000000_SPI
526 _a0
_b0
_c0
_d519_500000000000000_SPI
526 _a0
_b0
_c0
_d519_500000000000000_SPI
526 _a0
_b0
_c0
_d519_500000000000000_SPI
526 _a0
_b0
_c0
_d519_500000000000000_SPI
526 _a0
_b0
_c0
_d519_500000000000000_SPI
526 _a0
_b0
_c0
_d519_500000000000000_SPI
526 _a0
_b0
_c0
_d519_500000000000000_SPI
526 _a0
_b0
_c0
_d519_500000000000000_SPI
526 _a0
_b0
_c0
_d519_500000000000000_SPI
526 _a0
_b0
_c0
_d519_500000000000000_SPI
526 _a0
_b0
_c0
_d519_500000000000000_SPI
526 _a0
_b0
_c0
_d519_500000000000000_SPI
526 _a0
_b0
_c0
_d519_500000000000000_SPI
526 _a0
_b0
_c0
_d519_500000000000000_SPI
526 _a0
_b0
_c0
_d519_500000000000000_SPI
526 _a0
_b0
_c0
_d519_500000000000000_SPI
526 _a0
_b0
_c0
_d519_500000000000000_SPI
526 _a0
_b0
_c0
_d519_500000000000000_SPI
650 0 _aCommercial statistics.
650 0 _aMCE
_9379
650 0 _aStatistics.
_969
942 _2ddc
_cBK
999 _c543421
_d543421